Cities of Luxembourg - Statistics

General Stats
  • This quiz has been taken 38 times
  • The average score is 7 of 12
Answers on the Map
Answers color-coded by a green-red scale on the quiz's map according to % correct below.
 
Answer Stats
Stad | Ville | Stadt | City
population
% Correct
Lëtzebuerg | Luxembourg | Luxemburg 136.208
100%
Diddeleng | Dudelange | Düdelingen 22.043
74%
Déifferdeng | Differdange | Differdingen 30.364
63%
Esch-Uelzecht | Esch-sur-Alzette | Esch-Alzette 37.455
63%
Dikrech | Diekirch 7.244
59%
Iechternach | Echternach 5.869
56%
Wolz | Wiltz 8.102
56%
Ettelbréck | Ettelbruck | Ettelbrück 9.965
44%
Gréiwemaacher | Grevenmacher 5.193
44%
Veianen | Vianden 2.212
44%
Réimech | Remich 4.101
41%
Rëmeleng | Rumelange | Rümelingen 5.775
19%
No matching quizzes found
Score Distribution
Percent of People with Each Score
Percentile by Number Answered
Your Score History
You have not taken this quiz